उच्च रक्तचाप नियंत्रण / (Record no. 120563)

MARC details
000 -LEADER
fixed length control field 01165nam a22002657a 4500
005 - DATE AND TIME OF LATEST TRANSACTION
control field 20170124103159.0
010 ## - LIBRARY OF CONGRESS CONTROL NUMBER
LC control number B-158091
020 ## - INTERNATIONAL STANDARD BOOK NUMBER
Terms of availability 200.00
International Standard Book Number 8170562546
035 ## - SYSTEM CONTROL NUMBER
System control number B-158091
037 ## - SOURCE OF ACQUISITION
Source of stock number/acquisition Cen Lib/Ret
040 ## - CATALOGING SOURCE
Original cataloging agency DPL
Language of cataloging HN
082 ## - DEWEY DECIMAL CLASSIFICATION NUMBER
Classification number 616.132
Item number जोशीब्र
100 ## - MAIN ENTRY--PERSONAL NAME
Personal name जोशी, ब्रह्मादत्त
9 (RLIN) 45637
245 ## - TITLE STATEMENT
Title उच्च रक्तचाप नियंत्रण /
Statement of responsibility, etc ब्रह्मादत्त जोशी
246 ## - VARYING FORM OF TITLE
Title proper/short title Uchch raktchap niyantaran /
Remainder of title by Sbrhamadatt Joshi
260 ## - PUBLICATION, DISTRIBUTION, ETC. (IMPRINT)
Place of publication, distribution, etc जयपुर
Name of publisher, distributor, etc पंचशील प्रकाशन
Date of publication, distribution, etc 2003
270 ## - ADDRESS
City जयपुर
Address फिल्म कॉलोनी, चौड़ा रास्ता
Postal code 302003
300 ## - PHYSICAL DESCRIPTION
Extent 175पृ.
Dimensions 21सेमी(सजिल्द )
500 ## - GENERAL NOTE
General note परिशिष्ट शामिल
650 ## - SUBJECT ADDED ENTRY--TOPICAL TERM
Topical term or geographic name as entry element उच्च रक्तचाप -- नियंत्रण
General subdivision
Geographic subdivision
9 (RLIN) 91291
650 ## - SUBJECT ADDED ENTRY--TOPICAL TERM
Topical term or geographic name as entry element रक्त चाप जांच
9 (RLIN) 918
650 ## - SUBJECT ADDED ENTRY--TOPICAL TERM
Topical term or geographic name as entry element High BP - control
9 (RLIN) 91292
650 ## - SUBJECT ADDED ENTRY--TOPICAL TERM
Topical term or geographic name as entry element Blood pressure check
9 (RLIN) 91293
942 ## - ADDED ENTRY ELEMENTS (KOHA)
Source of classification or shelving scheme Dewey Decimal Classification
Koha item type Hindi Books
Classification part 616.132
Call number suffix जोशीब्र
Holdings
Withdrawn status Lost status Damaged status Not for loan Home library Current library Date acquired Source of acquisition Cost, normal purchase price Total Checkouts Full call number Barcode Date last seen Copy number Cost, replacement price Price effective from Koha item type
        Central Library Central Library 23/09/2015 Cen Lib/Ref 200.00   616.132 जोशीब्र B-158091 23/09/2015 1 200.00 23/09/2015 Hindi Books

© Delhi Public Library
Hit Counter
free hit counter